01113 2200337 4500001002100000005001500021035002000036007000300056040001700059100003600076245018500112250001300297300003800310504002400348020002200372041000800394082001000402084001600412090002000428264003200448336002100480337003000501338002300531650001500554700004200569700004300611700004600654850001000700008004100710990002400751INLIS00000000000643720260413083248 a0010-0422000042ta aSBPUPADbind1 aDoddington,ChristineePengarang1 aPendidikan Berpusat Pada Anak :bMembangkitkan Kembali Tradisi Kreatif /cDoddington,Christine;Pengarang Ke-2,Hilton,Mary;Penyungting,Bambang Sarwaji;Penerjemah ,Febrianti Ika Dewi a.-Cet. 1 axxxiv,150 hal. :billus. ;c25 cm aBibliografi,Hlm 143 a978-979-062-108-41 aind a371.3 a371.3 DOO p a371.3 DOO p 9-8 a.--Jakarta :bIndeks,c2010 2rdacontentaTeks 2rdamediaaTanpa Perantara 2rdacarrieravolume 4aPendidikan1 aPengarang Ke-2,Hilton,MaryePengarang0 aPenyungting,Bambang SarwajiePengarang0 aPenerjemah ,Febrianti Ika DewiePengarang aPUPAD260413 0  a609/S/KAPD/PDG/2012